[Event "Blitz 2018"]
[Site "Saint-Petersburg"]
[Date "2018.12.30"]
[Round "18"]
[Board "6"]
[White "Nihal Sarin (IND)"]
[Black "Nepomniachtchi Ian (RUS)"]
[Result "0-1"]
[LiveChessVersion "1.4.8"]
[BlackElo "2846"]
[WhiteElo "2506"]

1. d4 {[%clk 0:03:03]} Nf6 {[%clk 0:03:03]} 2. Bf4 {[%clk 0:03:04]} c5
{[%clk 0:03:03]} 3. e3 {[%clk 0:02:55]} Qb6 {[%clk 0:03:04]} 4. Nc3
{[%clk 0:02:53]} e6 {[%clk 0:03:04]} 5. a3 {[%clk 0:01:53]} d5 {[%clk 0:03:04]}
6. Nb5 {[%clk 0:01:43]} Na6 {[%clk 0:03:05]} 7. h3 {[%clk 0:01:45]} Bd7 8. a4 Be7
{[%clk 0:02:56]} 9. Nf3 {[%clk 0:01:47]} O-O {[%clk 0:02:57]} 10. Be2
{[%clk 0:01:42]} Bxb5 {[%clk 0:02:55]} 11. axb5 {[%clk 0:01:35]} Nc7
{[%clk 0:02:55]} 12. Bxc7 {[%clk 0:01:30]} Qxc7 {[%clk 0:02:56]} 13. O-O
{[%clk 0:01:30]} Qb6 {[%clk 0:02:54]} 14. c3 {[%clk 0:01:25]} Rfc8
{[%clk 0:02:50]} 15. Qa4 {[%clk 0:01:18]} Ne4 {[%clk 0:02:43]} 16. Rfc1
{[%clk 0:01:13]} Nd6 {[%clk 0:02:39]} 17. Nd2 {[%clk 0:01:04]} Qd8
{[%clk 0:02:10]} 18. Nb3 {[%clk 0:00:56]} c4 {[%clk 0:02:09]} 19. Nd2
{[%clk 0:00:57]} a6 {[%clk 0:01:43]} 20. bxa6 {[%clk 0:00:55]} Rxa6
{[%clk 0:01:44]} 21. Qc2 {[%clk 0:00:56]} Rca8 {[%clk 0:01:45]} 22. Rxa6
{[%clk 0:00:57]} Rxa6 {[%clk 0:01:46]} 23. b3 {[%clk 0:00:52]} b5
{[%clk 0:01:48]} 24. bxc4 {[%clk 0:00:43]} bxc4 {[%clk 0:01:48]} 25. Rb1
{[%clk 0:00:44]} g6 {[%clk 0:01:48]} 26. e4 {[%clk 0:00:41]} Qa8 {[%clk 0:01:46]}
27. exd5 {[%clk 0:00:38]} exd5 28. Bf3 Kg7 {[%clk 0:01:41]} 29. Nf1
{[%clk 0:00:39]} Bg5 {[%clk 0:01:36]} 30. Qe2 {[%clk 0:00:37]} Bf6
{[%clk 0:01:15]} 31. Ne3 {[%clk 0:00:38]} Ra5 {[%clk 0:01:05]} 32. Ng4
{[%clk 0:00:35]} Qd8 {[%clk 0:01:06]} 33. g3 {[%clk 0:00:29]} h5 {[%clk 0:01:07]}
34. Ne3 {[%clk 0:00:27]} Ne8 {[%clk 0:00:56]} 35. Nxd5 {[%clk 0:00:26]} Nd6
{[%clk 0:00:54]} 36. Ne3 {[%clk 0:00:24]} Ra3 {[%clk 0:00:53]} 37. Nd5
{[%clk 0:00:22]} Ra5 {[%clk 0:00:54]} 38. Kg2 {[%clk 0:00:20]} Ra3
{[%clk 0:00:51]} 39. h4 {[%clk 0:00:21]} Ra5 {[%clk 0:00:52]} 40. Rb2
{[%clk 0:00:20]} Nf5 {[%clk 0:00:52]} 41. Qxc4 {[%clk 0:00:19]} Bxh4
{[%clk 0:00:52]} 42. Nf4 {[%clk 0:00:13]} Bxg3 {[%clk 0:00:53]} 43. Rb7
{[%clk 0:00:11]} Bxf4 {[%clk 0:00:47]} 44. Qxf7+ {[%clk 0:00:10]} Kh6
{[%clk 0:00:49]} 45. Qh7+ {[%clk 0:00:09]} Kg5 {[%clk 0:00:50]} 46. Be4
{[%clk 0:00:08]} Nh4+ {[%clk 0:00:51]} 47. Kf1 {[%clk 0:00:06]} Qf6
{[%clk 0:00:46]} 48. Ke2 {[%clk 0:00:06]} Ra2+ {[%clk 0:00:48]} 49. Kd3
{[%clk 0:00:07]} Qa6+ {[%clk 0:00:47]} 0-1

[Event "Blitz 2018"]
[Site "Saint-Petersburg"]
[Date "2018.12.30"]
[Round "18"]
[Board "8"]
[White "Jakovenko Dmitry (RUS)"]
[Black "Andreikin Dmitry (RUS)"]
[Result "1/2-1/2"]
[LiveChessVersion "1.4.8"]
[BlackElo "2777"]
[WhiteElo "2616"]

1. Nf3 {[%clk 0:03:03]} g6 {[%clk 0:03:04]} 2. d4 {[%clk 0:03:01]} d6
{[%clk 0:03:05]} 3. c4 {[%clk 0:03:01]} Bg7 {[%clk 0:03:06]} 4. Nc3
{[%clk 0:03:01]} c6 {[%clk 0:03:06]} 5. e4 {[%clk 0:03:00]} Bg4 {[%clk 0:03:06]}
6. Be2 {[%clk 0:02:57]} Nd7 {[%clk 0:03:07]} 7. O-O {[%clk 0:02:57]} Ngf6
{[%clk 0:03:07]} 8. Be3 {[%clk 0:02:57]} O-O {[%clk 0:03:07]} 9. h3
{[%clk 0:02:47]} Bxf3 {[%clk 0:03:08]} 10. Bxf3 {[%clk 0:02:48]} a6
{[%clk 0:03:09]} 11. a3 {[%clk 0:02:37]} Rc8 {[%clk 0:03:08]} 12. Be2
{[%clk 0:02:36]} b5 {[%clk 0:03:05]} 13. Qd2 {[%clk 0:02:36]} Nb6
{[%clk 0:03:02]} 14. b3 {[%clk 0:02:32]} Nfd7 {[%clk 0:02:44]} 15. Rfd1
{[%clk 0:02:32]} bxc4 {[%clk 0:02:41]} 16. bxc4 {[%clk 0:02:32]} c5
{[%clk 0:02:42]} 17. dxc5 {[%clk 0:02:09]} Nxc5 {[%clk 0:02:42]} 18. Rab1
{[%clk 0:02:10]} Nbd7 {[%clk 0:02:28]} 19. Bd4 {[%clk 0:02:09]} Bxd4
{[%clk 0:01:52]} 20. Qxd4 {[%clk 0:02:10]} Ne5 {[%clk 0:01:39]} 21. Nd5
{[%clk 0:02:04]} Nc6 {[%clk 0:01:31]} 22. Qe3 {[%clk 0:02:05]} e6 23. Nb4
{[%clk 0:02:00]} a5 {[%clk 0:01:08]} 24. Nxc6 Rxc6 {[%clk 0:01:09]} 25. e5
{[%clk 0:01:58]} Qc7 {[%clk 0:01:01]} 26. Bf3 {[%clk 0:01:58]} Ra6
{[%clk 0:00:58]} 27. Rb5 {[%clk 0:01:56]} Rc8 {[%clk 0:00:58]} 28. exd6 Rxd6
{[%clk 0:00:59]} 29. Rxd6 {[%clk 0:01:56]} Qxd6 {[%clk 0:00:50]} 30. Rxa5
{[%clk 0:01:05]} Nd7 31. c5 1/2-1/2

[Event "Blitz 2018"]
[Site "Saint-Petersburg"]
[Date "2018.12.30"]
[Round "18"]
[Board "10"]
[White "Tsydypov Zhamsaran (RUS)"]
[Black "Zubov Alexander (UKR)"]
[Result "0-1"]
[LiveChessVersion "1.4.8"]
[BlackElo "2729"]
[WhiteElo "2573"]

1. e4 {[%clk 0:03:02]} Nc6 {[%clk 0:03:03]} 2. Nf3 {[%clk 0:03:00]} d6
{[%clk 0:03:04]} 3. d4 {[%clk 0:02:57]} Nf6 {[%clk 0:03:05]} 4. Nc3
{[%clk 0:02:48]} g6 {[%clk 0:03:05]} 5. h3 {[%clk 0:02:46]} Bg7 {[%clk 0:03:06]}
6. d5 {[%clk 0:02:46]} Nb8 {[%clk 0:03:06]} 7. Be2 {[%clk 0:02:40]} O-O
{[%clk 0:03:03]} 8. O-O {[%clk 0:02:38]} e5 {[%clk 0:03:02]} 9. dxe6
{[%clk 0:02:35]} Bxe6 {[%clk 0:03:02]} 10. Nd4 {[%clk 0:02:29]} Bd7
{[%clk 0:03:00]} 11. Re1 {[%clk 0:02:22]} Nc6 {[%clk 0:02:59]} 12. Nb3
{[%clk 0:02:18]} Re8 {[%clk 0:02:57]} 13. Bf1 {[%clk 0:02:18]} a5
{[%clk 0:02:53]} 14. a4 {[%clk 0:02:17]} Nb4 {[%clk 0:02:42]} 15. Bg5
{[%clk 0:02:11]} h6 {[%clk 0:02:42]} 16. Bh4 {[%clk 0:02:11]} g5 {[%clk 0:02:35]}
17. Bg3 {[%clk 0:02:11]} Bc6 {[%clk 0:02:36]} 18. Nd2 {[%clk 0:01:46]} d5
{[%clk 0:02:05]} 19. e5 {[%clk 0:01:43]} Ne4 {[%clk 0:02:04]} 20. Ncxe4
{[%clk 0:01:13]} dxe4 {[%clk 0:02:04]} 21. c3 {[%clk 0:01:13]} Nd3
{[%clk 0:02:00]} 22. Bxd3 {[%clk 0:01:14]} exd3 {[%clk 0:01:53]} 23. Nf1
{[%clk 0:01:14]} Qd7 {[%clk 0:01:36]} 24. Ne3 {[%clk 0:00:42]} Rad8
{[%clk 0:01:33]} 25. Qd2 {[%clk 0:00:34]} Bxe5 {[%clk 0:01:22]} 26. Bxe5
{[%clk 0:00:35]} Rxe5 {[%clk 0:01:23]} 27. Ng4 {[%clk 0:00:35]} Rxe1+
{[%clk 0:01:17]} 28. Rxe1 {[%clk 0:00:36]} Qd6 {[%clk 0:01:13]} 29. Re5
{[%clk 0:00:30]} Re8 {[%clk 0:01:01]} 30. Rxe8+ {[%clk 0:00:24]} Bxe8
{[%clk 0:01:02]} 31. b3 {[%clk 0:00:24]} Bd7 {[%clk 0:00:59]} 32. Ne3
{[%clk 0:00:23]} Be6 {[%clk 0:00:59]} 33. c4 {[%clk 0:00:23]} b6 {[%clk 0:00:59]}
34. Kf1 {[%clk 0:00:17]} Qd4 {[%clk 0:00:58]} 35. Ke1 {[%clk 0:00:18]} f6
{[%clk 0:00:50]} 36. Nd1 {[%clk 0:00:18]} Bf5 {[%clk 0:00:47]} 37. Qe3
{[%clk 0:00:16]} Qd6 {[%clk 0:00:45]} 38. Kd2 {[%clk 0:00:10]} Qb4+
{[%clk 0:00:43]} 39. Nc3 {[%clk 0:00:11]} Kf7 {[%clk 0:00:37]} 40. Qd4
{[%clk 0:00:10]} Qxb3 {[%clk 0:00:32]} 41. Qd5+ {[%clk 0:00:11]} Ke7
{[%clk 0:00:19]} 42. Qxf5 {[%clk 0:00:09]} Qc2+ 43. Ke3 Qxc3 {[%clk 0:00:21]} 44.
Qh7+ {[%clk 0:00:06]} Kd6 {[%clk 0:00:21]} 45. Qg8 {[%clk 0:00:06]} d2+
{[%clk 0:00:15]} 46. Ke2 {[%clk 0:00:07]} Qd4 {[%clk 0:00:16]} 47. Qd8+
{[%clk 0:00:08]} Kc5 {[%clk 0:00:16]} 48. Qxc7+ {[%clk 0:00:09]} Kb4
{[%clk 0:00:17]} 49. Kd1 {[%clk 0:00:10]} Kxa4 {[%clk 0:00:14]} 50. Qc6+
{[%clk 0:00:12]} Kb3 {[%clk 0:00:15]} 51. Qb5+ {[%clk 0:00:12]} Kc3
{[%clk 0:00:16]} 52. Qa4 {[%clk 0:00:12]} Qxc4 {[%clk 0:00:15]} 53. Qc2+
{[%clk 0:00:13]} Kd4 {[%clk 0:00:16]} 54. Qb2+ {[%clk 0:00:14]} Kc5
{[%clk 0:00:16]} 55. Qa3+ Kc6 {[%clk 0:00:16]} 56. Qf3+ {[%clk 0:00:16]} Kb5
{[%clk 0:00:15]} 57. Kxd2 {[%clk 0:00:14]} Qd4+ {[%clk 0:00:17]} 58. Kc2
{[%clk 0:00:15]} a4 {[%clk 0:00:18]} 59. Qf5+ {[%clk 0:00:06]} Qc5+
{[%clk 0:00:18]} 0-1

[Event "Blitz 2018"]
[Site "Saint-Petersburg"]
[Date "2018.12.30"]
[Round "18"]
[Board "11"]
[White "Golubov Saveliy (RUS)"]
[Black "Dreev Aleksey (RUS)"]
[Result "1/2-1/2"]
[LiveChessVersion "1.4.8"]
[BlackElo "2675"]
[WhiteElo "2574"]

1. d4 {[%clk 0:03:04]} d5 {[%clk 0:03:04]} 2. Nf3 {[%clk 0:03:05]} Nf6
{[%clk 0:03:05]} 3. Bf4 {[%clk 0:03:06]} Bf5 {[%clk 0:03:00]} 4. e3
{[%clk 0:03:07]} e6 {[%clk 0:03:00]} 5. Bd3 {[%clk 0:03:08]} Bxd3
{[%clk 0:02:55]} 6. Qxd3 {[%clk 0:03:09]} Nbd7 {[%clk 0:02:47]} 7. O-O
{[%clk 0:03:02]} Be7 {[%clk 0:02:45]} 8. h3 {[%clk 0:02:55]} O-O {[%clk 0:02:44]}
9. Nbd2 {[%clk 0:02:50]} c5 {[%clk 0:02:31]} 10. c3 {[%clk 0:02:51]} Qb6
{[%clk 0:02:31]} 11. Rab1 {[%clk 0:02:44]} Rac8 {[%clk 0:02:31]} 12. Rfe1
{[%clk 0:02:26]} Rfd8 {[%clk 0:02:31]} 13. Bg3 {[%clk 0:02:23]} a6
{[%clk 0:02:29]} 14. Qe2 {[%clk 0:02:06]} 1/2-1/2

[Event "Blitz 2018"]
[Site "Saint-Petersburg"]
[Date "2018.12.30"]
[Round "18"]
[Board "13"]
[White "Amin Bassem (EGY)"]
[Black "Fedoseev Vladimir (RUS)"]
[Result "0-1"]
[LiveChessVersion "1.4.8"]
[BlackElo "2750"]
[WhiteElo "2659"]

1. e4 {[%clk 0:03:03]} e5 {[%clk 0:03:04]} 2. Nf3 {[%clk 0:03:04]} Nc6
{[%clk 0:03:05]} 3. Bc4 {[%clk 0:03:05]} Bc5 {[%clk 0:03:06]} 4. O-O
{[%clk 0:03:06]} Nf6 {[%clk 0:03:07]} 5. d3 {[%clk 0:03:07]} a6 {[%clk 0:03:07]}
6. c3 {[%clk 0:03:07]} d6 {[%clk 0:03:08]} 7. Re1 {[%clk 0:03:07]} Ba7
{[%clk 0:03:09]} 8. Bb3 {[%clk 0:03:07]} h6 {[%clk 0:03:10]} 9. Nbd2
{[%clk 0:03:06]} g5 {[%clk 0:03:10]} 10. Nf1 {[%clk 0:02:59]} g4 {[%clk 0:03:10]}
11. N3d2 {[%clk 0:02:57]} h5 {[%clk 0:03:10]} 12. Nc4 {[%clk 0:02:52]} b5
{[%clk 0:02:57]} 13. Nce3 {[%clk 0:02:51]} h4 {[%clk 0:02:49]} 14. Bd5
{[%clk 0:02:30]} Nxd5 {[%clk 0:02:13]} 15. exd5 {[%clk 0:02:31]} Ne7
{[%clk 0:02:14]} 16. Nxg4 {[%clk 0:02:32]} Bxg4 {[%clk 0:02:09]} 17. Qxg4
{[%clk 0:02:32]} Qd7 {[%clk 0:02:06]} 18. Qxd7+ {[%clk 0:02:29]} Kxd7
{[%clk 0:02:07]} 19. c4 {[%clk 0:02:28]} Nf5 {[%clk 0:01:53]} 20. Be3
{[%clk 0:02:26]} Bd4 {[%clk 0:01:49]} 21. Re2 {[%clk 0:02:04]} Rab8
{[%clk 0:01:44]} 22. Rb1 {[%clk 0:01:57]} Rhg8 {[%clk 0:01:35]} 23. b3
{[%clk 0:01:57]} Rg6 {[%clk 0:01:30]} 24. Rc1 {[%clk 0:01:43]} Rbg8
{[%clk 0:01:30]} 25. g3 {[%clk 0:01:42]} hxg3 {[%clk 0:01:23]} 26. hxg3
{[%clk 0:01:37]} Bxe3 {[%clk 0:01:24]} 27. fxe3 {[%clk 0:01:13]} Nxg3
{[%clk 0:01:24]} 28. Nxg3 {[%clk 0:01:13]} Rxg3+ {[%clk 0:01:25]} 29. Kf2
{[%clk 0:01:15]} Rg2+ {[%clk 0:01:13]} 30. Ke1 {[%clk 0:01:16]} Rxe2+
{[%clk 0:01:14]} 31. Kxe2 {[%clk 0:01:17]} Rg2+ {[%clk 0:01:15]} 32. Kf3
{[%clk 0:01:12]} Rxa2 {[%clk 0:01:16]} 33. Ke4 {[%clk 0:00:50]} Rf2
{[%clk 0:01:15]} 34. d4 {[%clk 0:00:51]} f5+ {[%clk 0:01:13]} 35. Kd3
{[%clk 0:00:52]} e4+ {[%clk 0:01:14]} 36. Kc3 {[%clk 0:00:54]} Re2
{[%clk 0:01:15]} 37. cxb5 {[%clk 0:00:50]} Rxe3+ {[%clk 0:01:14]} 38. Kb4
{[%clk 0:00:49]} axb5 {[%clk 0:01:15]} 39. Rh1 {[%clk 0:00:50]} Kc8
{[%clk 0:01:10]} 40. Rh8+ {[%clk 0:00:07]} Kb7 {[%clk 0:01:11]} 41. Rf8
{[%clk 0:00:08]} Rf3 {[%clk 0:01:12]} 42. Ka5 {[%clk 0:00:08]} b4
{[%clk 0:01:07]} 43. Kxb4 {[%clk 0:00:08]} e3 {[%clk 0:01:07]} 44. Kc3
{[%clk 0:00:09]} f4 {[%clk 0:01:04]} 45. Kd3 {[%clk 0:00:09]} Rf2
{[%clk 0:01:05]} 46. Re8 {[%clk 0:00:09]} Rf1 {[%clk 0:00:52]} 47. Ke2
{[%clk 0:00:08]} Rf2+ {[%clk 0:00:42]} 48. Kd3 {[%clk 0:00:10]} Kb6
{[%clk 0:00:42]} 49. Rb8+ {[%clk 0:00:10]} Ka5 {[%clk 0:00:43]} 50. Re8
{[%clk 0:00:10]} Kb4 {[%clk 0:00:43]} 51. Rb8+ {[%clk 0:00:11]} Ka3
{[%clk 0:00:44]} 52. Kc3 {[%clk 0:00:05]} Ka2 {[%clk 0:00:45]} 53. Re8
{[%clk 0:00:05]} e2 {[%clk 0:00:41]} 54. Kd2 {[%clk 0:00:03]} f3 {[%clk 0:00:42]}
55. Re3 0-1

[Event "Blitz 2018"]
[Site "Saint-Petersburg"]
[Date "2018.12.30"]
[Round "18"]
[Board "14"]
[White "Maghsoodloo Parham (IRI)"]
[Black "Sjugirov Sanan (RUS)"]
[Result "0-1"]
[LiveChessVersion "1.4.8"]
[BlackElo "2748"]
[WhiteElo "2642"]

1. d4 {[%clk 0:03:03]} Nf6 {[%clk 0:03:03]} 2. Nf3 {[%clk 0:03:04]} e6
{[%clk 0:03:03]} 3. Bf4 {[%clk 0:03:05]} c5 {[%clk 0:03:04]} 4. e3
{[%clk 0:03:06]} cxd4 {[%clk 0:03:04]} 5. exd4 {[%clk 0:03:08]} b6
{[%clk 0:03:05]} 6. Bd3 {[%clk 0:03:05]} Bb7 {[%clk 0:03:06]} 7. h3
{[%clk 0:03:05]} Be7 {[%clk 0:03:06]} 8. O-O {[%clk 0:03:05]} d6 {[%clk 0:03:06]}
9. a4 {[%clk 0:03:03]} a6 {[%clk 0:03:07]} 10. Bh2 {[%clk 0:03:01]} O-O
{[%clk 0:03:08]} 11. Nbd2 {[%clk 0:03:02]} Nbd7 {[%clk 0:03:08]} 12. Re1
{[%clk 0:03:03]} Re8 {[%clk 0:03:09]} 13. Qe2 {[%clk 0:02:39]} h6
{[%clk 0:03:08]} 14. Qf1 {[%clk 0:02:38]} Qc7 {[%clk 0:03:08]} 15. c4
{[%clk 0:02:26]} Bf8 {[%clk 0:03:04]} 16. b4 {[%clk 0:02:26]} e5 {[%clk 0:02:44]}
17. dxe5 {[%clk 0:01:43]} dxe5 18. c5 bxc5 {[%clk 0:02:34]} 19. b5
{[%clk 0:01:46]} axb5 {[%clk 0:02:33]} 20. Bxb5 {[%clk 0:01:47]} Bc6
{[%clk 0:02:08]} 21. Nc4 {[%clk 0:01:47]} Bxb5 {[%clk 0:02:05]} 22. axb5
{[%clk 0:01:48]} Rxa1 {[%clk 0:01:38]} 23. Rxa1 {[%clk 0:01:49]} Nd5
{[%clk 0:01:10]} 24. Qd3 {[%clk 0:01:21]} Qb7 {[%clk 0:00:31]} 25. Ncxe5
{[%clk 0:01:21]} Nxe5 {[%clk 0:00:32]} 26. Bxe5 {[%clk 0:01:08]} Nb6
{[%clk 0:00:26]} 27. Ra6 {[%clk 0:01:03]} c4 {[%clk 0:00:18]} 28. Qd4
{[%clk 0:01:04]} Re6 {[%clk 0:00:18]} 29. Bg3 {[%clk 0:00:44]} Qd5
{[%clk 0:00:13]} 30. Qxd5 {[%clk 0:00:39]} Nxd5 {[%clk 0:00:15]} 31. Rc6
{[%clk 0:00:40]} c3 {[%clk 0:00:13]} 32. Rc8 {[%clk 0:00:36]} f6 {[%clk 0:00:06]}
33. Nd4 {[%clk 0:00:37]} Re1+ {[%clk 0:00:07]} 34. Kh2 {[%clk 0:00:38]} Kf7
{[%clk 0:00:08]} 35. Rd8 {[%clk 0:00:36]} Nb6 {[%clk 0:00:05]} 36. Bc7
{[%clk 0:00:26]} Bc5 {[%clk 0:00:06]} 37. Nb3 {[%clk 0:00:28]} Bxf2
{[%clk 0:00:06]} 38. Rb8 {[%clk 0:00:21]} Nd5 {[%clk 0:00:07]} 39. Bg3
{[%clk 0:00:19]} Bg1+ {[%clk 0:00:07]} 40. Kh1 {[%clk 0:00:20]} Rb1
{[%clk 0:00:09]} 41. Rb7+ {[%clk 0:00:20]} Kg6 {[%clk 0:00:10]} 42. Rd7
{[%clk 0:00:14]} Bf2+ {[%clk 0:00:08]} 43. Kh2 {[%clk 0:00:15]} Bxg3+
{[%clk 0:00:09]} 44. Kxg3 {[%clk 0:00:16]} Rxb3 {[%clk 0:00:10]} 45. Rxd5
{[%clk 0:00:17]} c2+ {[%clk 0:00:11]} 0-1

[Event "Blitz 2018"]
[Site "Saint-Petersburg"]
[Date "2018.12.30"]
[Round "18"]
[Board "15"]
[White "Sychev Klementy (RUS)"]
[Black "Jones Gawain C B (ENG)"]
[Result "1/2-1/2"]
[LiveChessVersion "1.4.8"]
[BlackElo "2722"]
[WhiteElo "2594"]

1. d4 {[%clk 0:03:04]} Nf6 {[%clk 0:03:03]} 2. c4 {[%clk 0:03:05]} g6
{[%clk 0:03:03]} 3. Nc3 {[%clk 0:03:06]} Bg7 {[%clk 0:03:04]} 4. e4
{[%clk 0:03:07]} d6 {[%clk 0:03:05]} 5. Nf3 {[%clk 0:03:08]} O-O {[%clk 0:03:05]}
6. Be2 {[%clk 0:03:09]} Nbd7 {[%clk 0:03:06]} 7. O-O {[%clk 0:03:10]} e5
{[%clk 0:03:07]} 8. Be3 {[%clk 0:03:11]} Qe7 {[%clk 0:03:08]} 9. d5
{[%clk 0:03:03]} c5 {[%clk 0:03:09]} 10. Bg5 {[%clk 0:02:59]} Kh8
{[%clk 0:03:08]} 11. a3 {[%clk 0:03:00]} Rg8 {[%clk 0:03:08]} 12. Ne1
{[%clk 0:02:45]} Qf8 {[%clk 0:03:08]} 13. Qd2 {[%clk 0:02:46]} Ne8
{[%clk 0:03:03]} 14. Be3 {[%clk 0:02:02]} f5 {[%clk 0:02:55]} 15. f4
{[%clk 0:02:02]} exf4 {[%clk 0:02:31]} 16. Bxf4 {[%clk 0:01:56]} Ne5
{[%clk 0:02:32]} 17. Rc1 {[%clk 0:01:49]} Nf6 {[%clk 0:02:31]} 18. exf5
{[%clk 0:01:45]} Bxf5 {[%clk 0:02:28]} 19. b3 {[%clk 0:01:42]} Re8
{[%clk 0:02:26]} 20. Nd3 {[%clk 0:01:43]} Nxd3 {[%clk 0:02:00]} 21. Bxd3
{[%clk 0:01:43]} Bxd3 {[%clk 0:01:59]} 22. Qxd3 {[%clk 0:01:44]} Qe7
{[%clk 0:01:51]} 23. Nb5 {[%clk 0:00:38]} Ng4 {[%clk 0:01:30]} 24. Nxd6
{[%clk 0:00:27]} Bd4+ {[%clk 0:01:24]} 25. Kh1 {[%clk 0:00:28]} Ref8
{[%clk 0:01:14]} 26. Ne4 {[%clk 0:00:26]} Re8 {[%clk 0:01:06]} 27. Nd6
{[%clk 0:00:19]} Ref8 28. Ne4 Rf5 {[%clk 0:00:56]} 29. Ng3 {[%clk 0:00:17]} Rf7
{[%clk 0:00:40]} 30. Ne4 {[%clk 0:00:16]} Re8 {[%clk 0:00:29]} 31. Nd6
{[%clk 0:00:10]} Rxf4 {[%clk 0:00:29]} 32. Rxf4 {[%clk 0:00:11]} Ne5
{[%clk 0:00:22]} 33. Qg3 {[%clk 0:00:07]} Qxd6 {[%clk 0:00:22]} 34. Re4
{[%clk 0:00:07]} Qf6 {[%clk 0:00:20]} 35. Rce1 {[%clk 0:00:08]} Rf8
{[%clk 0:00:21]} 36. h3 {[%clk 0:00:06]} Qf1+ {[%clk 0:00:19]} 37. Kh2
{[%clk 0:00:04]} Bg1+ {[%clk 0:00:11]} 38. Kh1 {[%clk 0:00:06]} Be3+
{[%clk 0:00:08]} 39. Kh2 {[%clk 0:00:07]} Bg1+ {[%clk 0:00:06]} 40. Kh1
{[%clk 0:00:08]} Bd4+ {[%clk 0:00:05]} 41. Kh2 {[%clk 0:00:09]} Bg1+
{[%clk 0:00:04]} 42. Kh1 {[%clk 0:00:11]} Bd4+ {[%clk 0:00:04]} 43. Kh2 1/2-1/2

[Event "Blitz 2018"]
[Site "Saint-Petersburg"]
[Date "2018.12.30"]
[Round "18"]
[Board "16"]
[White "Predke Alexandr (RUS)"]
[Black "Vitiugov Nikita (RUS)"]
[Result "0-1"]
[LiveChessVersion "1.4.8"]
[BlackElo "2696"]
[WhiteElo "2482"]

1. e4 {[%clk 0:03:03]} e6 {[%clk 0:03:03]} 2. d4 {[%clk 0:03:03]} d5
{[%clk 0:03:04]} 3. e5 {[%clk 0:03:04]} c5 {[%clk 0:03:06]} 4. c3
{[%clk 0:03:05]} Qb6 {[%clk 0:03:07]} 5. Nf3 {[%clk 0:03:03]} Nc6
{[%clk 0:03:08]} 6. Na3 {[%clk 0:03:03]} cxd4 {[%clk 0:03:03]} 7. cxd4
{[%clk 0:03:04]} Bb4+ {[%clk 0:02:55]} 8. Bd2 {[%clk 0:03:03]} Nge7
{[%clk 0:02:51]} 9. Nc2 {[%clk 0:02:59]} Bxd2+ {[%clk 0:02:49]} 10. Qxd2
{[%clk 0:03:00]} Qxb2 {[%clk 0:02:47]} 11. Bd3 {[%clk 0:03:00]} h6
{[%clk 0:02:44]} 12. O-O {[%clk 0:02:59]} Qb6 {[%clk 0:02:45]} 13. Qf4
{[%clk 0:02:41]} Bd7 {[%clk 0:02:39]} 14. Rab1 {[%clk 0:02:38]} Qc7
{[%clk 0:02:40]} 15. Ne3 {[%clk 0:02:13]} f5 {[%clk 0:02:35]} 16. h4
{[%clk 0:02:07]} O-O {[%clk 0:02:21]} 17. h5 {[%clk 0:02:07]} Rab8
{[%clk 0:02:17]} 18. g3 {[%clk 0:01:44]} Na5 {[%clk 0:02:15]} 19. Rfc1
{[%clk 0:01:42]} Qd8 {[%clk 0:02:16]} 20. Ng2 {[%clk 0:01:33]} b5
{[%clk 0:02:17]} 21. Qd2 {[%clk 0:01:09]} Nc4 {[%clk 0:02:18]} 22. Qb4
{[%clk 0:01:10]} a5 {[%clk 0:02:15]} 23. Qc5 {[%clk 0:00:59]} Rc8
{[%clk 0:02:13]} 24. Qa7 {[%clk 0:01:00]} Nc6 {[%clk 0:02:04]} 25. Qa6
{[%clk 0:00:57]} Nb4 {[%clk 0:02:01]} 26. Rxb4 {[%clk 0:00:54]} axb4
{[%clk 0:02:01]} 27. Nf4 {[%clk 0:00:40]} Re8 {[%clk 0:01:55]} 28. Rb1
{[%clk 0:00:30]} Ra8 {[%clk 0:01:45]} 29. Qb7 {[%clk 0:00:30]} Na5
{[%clk 0:01:45]} 30. Nxe6 {[%clk 0:00:27]} Nxb7 {[%clk 0:01:43]} 31. Nxd8
{[%clk 0:00:24]} Nxd8 {[%clk 0:01:35]} 32. Rxb4 {[%clk 0:00:24]} Ra3
{[%clk 0:01:30]} 0-1

[Event "Blitz 2018"]
[Site "Saint-Petersburg"]
[Date "2018.12.30"]
[Round "18"]
[Board "17"]
[White "Yu Yangyi (CHN)"]
[Black "Kovalenko Igor (LAT)"]
[Result "1-0"]
[LiveChessVersion "1.4.8"]
[BlackElo "2693"]
[WhiteElo "2804"]

1. d4 {[%clk 0:03:03]} Nf6 {[%clk 0:03:03]} 2. c4 {[%clk 0:03:04]} c6
{[%clk 0:03:04]} 3. Nf3 {[%clk 0:03:03]} d5 {[%clk 0:03:06]} 4. Qc2
{[%clk 0:03:01]} dxc4 {[%clk 0:03:07]} 5. Qxc4 {[%clk 0:03:02]} Bg4
{[%clk 0:03:08]} 6. Nbd2 {[%clk 0:03:02]} Nbd7 {[%clk 0:03:06]} 7. g3
{[%clk 0:03:03]} e6 {[%clk 0:02:59]} 8. Bg2 {[%clk 0:03:04]} Bd6 {[%clk 0:03:00]}
9. Qb3 {[%clk 0:02:57]} Nb6 {[%clk 0:02:43]} 10. O-O {[%clk 0:02:42]} O-O
{[%clk 0:02:44]} 11. Re1 {[%clk 0:02:35]} a5 {[%clk 0:02:45]} 12. e4
{[%clk 0:02:26]} a4 {[%clk 0:02:45]} 13. Qc3 {[%clk 0:02:20]} Re8
{[%clk 0:02:37]} 14. a3 {[%clk 0:02:05]} Bc7 {[%clk 0:02:38]} 15. Nf1
{[%clk 0:01:50]} h6 {[%clk 0:02:31]} 16. Bd2 {[%clk 0:01:49]} Nbd7
{[%clk 0:02:27]} 17. Qc2 {[%clk 0:01:47]} Bxf3 {[%clk 0:02:21]} 18. Bxf3
{[%clk 0:01:48]} e5 {[%clk 0:02:23]} 19. dxe5 {[%clk 0:01:39]} Nxe5
{[%clk 0:02:24]} 20. Bg2 {[%clk 0:01:40]} Qd3 {[%clk 0:02:18]} 21. Rac1
{[%clk 0:01:23]} Bb6 {[%clk 0:02:19]} 22. Be3 {[%clk 0:01:08]} Bxe3
{[%clk 0:02:15]} 23. Nxe3 {[%clk 0:01:07]} Red8 {[%clk 0:01:57]} 24. f4
{[%clk 0:00:58]} Neg4 {[%clk 0:01:34]} 25. Qxd3 {[%clk 0:00:53]} Rxd3
{[%clk 0:01:35]} 26. Nc4 {[%clk 0:00:48]} h5 {[%clk 0:01:22]} 27. e5
{[%clk 0:00:33]} Nd7 {[%clk 0:01:15]} 28. Red1 {[%clk 0:00:29]} Nc5
{[%clk 0:01:01]} 29. Nd6 {[%clk 0:00:27]} Rxd1+ {[%clk 0:01:02]} 30. Rxd1
{[%clk 0:00:29]} Ne3 {[%clk 0:01:01]} 31. Rc1 {[%clk 0:00:26]} Ra5
{[%clk 0:00:57]} 32. Bf3 {[%clk 0:00:22]} g6 {[%clk 0:00:56]} 33. Rc3
{[%clk 0:00:21]} Nd5 {[%clk 0:00:56]} 34. Bxd5 {[%clk 0:00:19]} cxd5
{[%clk 0:00:57]} 35. Kf2 {[%clk 0:00:19]} d4 {[%clk 0:00:47]} 36. Rc4
{[%clk 0:00:20]} Nd3+ {[%clk 0:00:46]} 37. Ke2 {[%clk 0:00:21]} Nxb2
{[%clk 0:00:47]} 38. Rb4 {[%clk 0:00:19]} Rc5 {[%clk 0:00:45]} 39. Rxb2 Rc3 40.
Nb5 {[%clk 0:00:17]} Re3+ {[%clk 0:00:46]} 41. Kd2 {[%clk 0:00:15]} h4
{[%clk 0:00:46]} 42. gxh4 {[%clk 0:00:10]} Re4 {[%clk 0:00:48]} 43. Rb4
{[%clk 0:00:07]} Rxf4 {[%clk 0:00:49]} 44. Rxd4 {[%clk 0:00:08]} Rf2+ 45. Ke3
{[%clk 0:00:08]} Rb2 {[%clk 0:00:50]} 46. Rb4 {[%clk 0:00:08]} Rxh2 47. Rxa4 Kg7
{[%clk 0:00:50]} 48. Nd6 {[%clk 0:00:11]} b6 {[%clk 0:00:50]} 49. Rb4
{[%clk 0:00:12]} Rh3+ {[%clk 0:00:50]} 50. Kf2 {[%clk 0:00:10]} Rxa3
{[%clk 0:00:52]} 51. Rxb6 {[%clk 0:00:11]} Ra5 {[%clk 0:00:53]} 52. Rb5
{[%clk 0:00:10]} Ra4 {[%clk 0:00:53]} 53. Kg3 {[%clk 0:00:11]} Ra3+
{[%clk 0:00:55]} 54. Kf4 {[%clk 0:00:11]} Ra4+ {[%clk 0:00:55]} 55. Ne4
{[%clk 0:00:12]} Ra1 {[%clk 0:00:57]} 56. Rb8 {[%clk 0:00:12]} Rf1+
{[%clk 0:00:57]} 57. Kg3 {[%clk 0:00:10]} Re1 {[%clk 0:00:57]} 58. Rb4
{[%clk 0:00:11]} Kh6 {[%clk 0:00:57]} 59. Ng5 {[%clk 0:00:11]} Kg7
{[%clk 0:00:49]} 60. Re4 {[%clk 0:00:10]} Rg1+ {[%clk 0:00:51]} 61. Kf2
{[%clk 0:00:11]} Ra1 {[%clk 0:00:48]} 62. Rf4 {[%clk 0:00:12]} Ra7
{[%clk 0:00:50]} 63. Kg3 {[%clk 0:00:13]} Re7 {[%clk 0:00:50]} 64. Rxf7+
{[%clk 0:00:10]} Rxf7 {[%clk 0:00:52]} 1-0